Southville International School and Colleges
Your cart is empty.
  • Cart
  • Lists
    Public lists Eva Luna New books Lux_list list_1
    Your lists Log in to create your own lists
  • Log in to your account
  • Your cookies
  • Search history
Southville International School and Colleges
  • Advanced search
  • Recent comments
  • Most popular
  • Libraries

Log in to your account

Log in with GOOGLE


If you do not have an external account, but do have a local account, you can still log in:

  1. Home
  2. MARC view: A teaching manual on greatness of spirit /
Normal view MARC view ISBD view

A teaching manual on greatness of spirit / (Record no. 288212)

[ view plain ]
MARC details
000 -LEADER
fixed length control field 00618nam a2200181Ia 4500
008 - FIXED-LENGTH DATA ELEMENTS--GENERAL INFORMATION
fixed length control field 150610s9999 xx 000 0 und d
020 ## - INTERNATIONAL STANDARD BOOK NUMBER
International Standard Book Number 9789712723070
050 ## - LIBRARY OF CONGRESS CALL NUMBER
Classification number AS911
Item number .R39 Q56 2010 
100 ## - MAIN ENTRY--PERSONAL NAME
Personal name Quitain, Rosemarie Jane Aquino.
245 #2 - TITLE STATEMENT
Title A teaching manual on greatness of spirit /
Statement of responsibility, etc by Rosemarie Jane Aquino-Quitain.
260 ## - PUBLICATION, DISTRIBUTION, ETC. (IMPRINT)
Place of publication, distribution, etc Pasig City :
Name of publisher, distributor, etc Anvil,
Date of publication, distribution, etc 2010.
300 ## - PHYSICAL DESCRIPTION
Extent 171pages :
Other physical details illustrations ;
Dimensions 23 cm.
504 ## - BIBLIOGRAPHY, ETC. NOTE
Bibliography, etc Based on the Great men and women of Asia book series.
650 ## - SUBJECT ADDED ENTRY--TOPICAL TERM
Topical term or geographic name as entry element Awards
General subdivision Asia.
650 ## - SUBJECT ADDED ENTRY--TOPICAL TERM
Topical term or geographic name as entry element Biography
General subdivision Asia.
650 ## - SUBJECT ADDED ENTRY--TOPICAL TERM
Topical term following geographic name as entry element Moral education.
650 ## - SUBJECT ADDED ENTRY--TOPICAL TERM
Topical term following geographic name as entry element Values education.
Holdings
Withdrawn status Lost status Damaged status Home library Current library Shelving location Date acquired Total Checkouts Full call number Barcode Date last seen Price effective from Koha item type
      Stonyhurst Southville International School (Batangas) Stonyhurst Southville International School (Batangas) High School Section 06/10/2015   AS911.R39 Q56 2010  US-1423 06/10/2015 06/10/2015 Books

A teaching manual on greatness of spirit /

APA

Quitain R. J. A., . (2010). A teaching manual on greatness of spirit. Pasig City: Anvil.

Chicago

Quitain Rosemarie Jane Aquino, . 2010. A teaching manual on greatness of spirit. Pasig City: Anvil.

Harvard

Quitain R. J. A., . (2010). A teaching manual on greatness of spirit. Pasig City: Anvil.

MLA

Quitain Rosemarie Jane Aquino, . A teaching manual on greatness of spirit. Pasig City: Anvil. 2010.

  • Place hold
  • Print
  • Cite
  • Add to your cart (remove)
  • Save record
    BIBTEX Dublin Core MARCXML MARC (non-Unicode/MARC-8) MARC (Unicode/UTF-8) MARC (Unicode/UTF-8, Standard) MODS (XML) RIS
  • More searches
    Search for this title in:
    Other Libraries (WorldCat) Other Databases (Google Scholar) Online Stores (Bookfinder.com) Open Library (openlibrary.org)

Exporting to Dublin Core...

SOUTHVILLE LIBRARY

Southville International School and Colleges Library

1281 Tropical Ave. Cor. Luxembourg St., BF Homes International, Las Pinas City

Tel. No. 8256374 / 252358 Loc. 117/146

Powered by Koha